000 00580nam a22001937a 4500
003 OSt
005 20250826024820.0
008 250826b |||||||| |||| 00| 0 eng d
020 _a13: 978-1-4180-0958-8.
040 _aDWC-Main Lib.
_cOC
100 _aTAZBIR, JANICE
245 _aAtlas of medical-surgical nursing/
_cTAZBIR, JANICE
260 _aN. Y. :
_bDelmar Learning,
_cc2008.
300 _axiii, 515 p. :
_bcol. ill. ;
_c28 cm.
650 _a1. Nursing-Atlases.
650 _a2. Surgical nursing-Atlases.
700 _aKERESZTES, PATRICIA
942 _2ddc
_cGR
_hGR
_n0
999 _c4240
_d4240